Musical Acts by State - Nevada - Statistics

General Stats
  • This quiz has been taken 53 times
  • The average score is 4 of 30
Answer Stats
City/Town Songs Answer % Correct
Las Vegas Mr. Brightside | Human The Killers
86%
Las Vegas Believer | Radioactive Imagine Dragons
82%
Las Vegas High Hopes | I Write Sins Not Tragedies Panic! at the Disco
73%
Las Vegas Popular Monster | The Drug In Me Is You Falling in Reverse
25%
Las Vegas It's Every Night Sis | God Church RiceGum
25%
Las Vegas Angel With A Shotgun | Stand Up The Cab
18%
Las Vegas Fly To The Angels | Up All Night Slaughter
11%
Henderson New Flesh | A Different Age Current Joys
9%
Las Vegas Where My Girls At | Get It Together 702
7%
Pahrump Situations | One For The Money Escape the Fate
7%
Las Vegas Invincible | Sick Adelitas Way
5%
Las Vegas Middle Finger | Raging On A Sunday Bohnes
5%
Reno The Seal Lullaby | Lux Aurumque Eric Whitacre
5%
Las Vegas Just One Of The Guys | Red Bull & Hennessy Jenny Lewis
5%
Las Vegas Reparations! | Look N The Mirror Ka$hdami
5%
Las Vegas Too Cool | 2 Stars Meaghan Martin
5%
Las Vegas On The Regular | Call It Off Shamir
5%
Reno Freaks | Disco Surf Curse
5%
Reno Young Till I Die | Satyagraha 7 Seconds
2%
Reno I Am A Child Of God | With Or Without You April Meservy
2%
Las Vegas Overdose | Memories Beyond Unbroken
2%
Reno Long After You're Gone | No Sanctuary Here Chris Jones
2%
Reno Cobracoustic | One Day I'll Never Cobra Skulls
2%
Las Vegas Hell March | Grinder Frank Klepacki
2%
Reno The Ballad Of Scumbag Country | Malt Liquor Hellbound Glory
2%
Carson City Scars | From The Day I Am They
2%
Elko Never | Boom Boom Jennylee
2%
Las Vegas Soldiers | Die For You Otherwise
2%
Reno All That I Am | The Valley Sunny Ozell
2%
Las Vegas Name Of The Game | Kinetic The Crystal Method
2%
No matching quizzes found
Score Distribution
Percent of People with Each Score
Percentile by Number Answered
Your Score History
You have not taken this quiz